Autonómne riadenie malého vozidla
Uložené v:
| Hlavný autor: | |
|---|---|
| Ďalší autori: | |
| Médium: | Rukopis Kniha |
| Jazyk: | Slovak |
| Vydavateľské údaje: |
Bratislava :
STU v Bratislave FEI,
2024
|
| Predmet: | |
| On-line prístup: | https://opac.crzp.sk/?fn=detailBiblioFormChildAJPN7&sid=A6A9937D4AB687F472C58BA9E4AF&seo=CRZP-detail-kniha |
| Tagy: |
Žiadne tagy, Buďte prvý, kto otaguje tento záznam!
|
MARC
| LEADER | 00000ntm a22000003a 4500 | ||
|---|---|---|---|
| 001 | stuzp95811 | ||
| 003 | SK-STU | ||
| 005 | 20250409140721.8 | ||
| 007 | ta | ||
| 008 | 150427s2015----xo-----f-mn---000-0-slo-d | ||
| 040 | |a STU |b slo | ||
| 041 | 0 | |a slo | |
| 044 | |a xo | ||
| 100 | 1 | |a Nyitrai, Jozef |u 035000 |4 aut |U FEI Fakulta elektrotechniky a informatiky |T FEI Ústav informatiky a matematiky |X 115092 |U E050 |Y 816 |7 115092 | |
| 242 | 0 | 1 | |a Autonomuos control of a small vehicle |y eng |
| 245 | 1 | 0 | |a Autonómne riadenie malého vozidla |
| 260 | |a Bratislava : |b STU v Bratislave FEI, |c 2024 | ||
| 300 | |a 67 s. | ||
| 650 | 4 | |a sledovanie čiary |2 slo | |
| 650 | 4 | |a Raspberry Pi |2 slo | |
| 650 | 4 | |a autonómne vozidlo |2 slo | |
| 650 | 4 | |a Raspberry Pi |2 eng | |
| 650 | 4 | |a autonomous vehicle |2 eng | |
| 650 | 4 | |a line tracking |2 eng | |
| 700 | 1 | |a Bucz, Štefan |4 ths |X 17719 |7 A000017719 | |
| 856 | 4 | |u https://opac.crzp.sk/?fn=detailBiblioFormChildAJPN7&sid=A6A9937D4AB687F472C58BA9E4AF&seo=CRZP-detail-kniha | |